[Event "Bundesliga 9394"]
[Site "Germany"]
[Date "1994.05.09"]
[Round "15.1"]
[White "Hertneck, Gerald"]
[Black "Karpov, Anatoly"]
[Result "0-1"]
[WhiteElo "2615"]
[BlackElo "2740"]
[PlyCount "122"]
[EventDate "1993.11.06"]
[EventType "team-tourn"]
[EventRounds "15"]
[EventCountry "GER"]
[SourceTitle "GER-chT"]
[Source "ChessBase"]
[SourceDate "1999.07.01"]
[SourceVersion "1"]
[SourceVersionDate "1999.07.01"]
[SourceQuality "1"]
[WhiteTeam "Muenchen 36"]
[BlackTeam "Stadthagen"]
[WhiteTeamCountry "GER"]
[BlackTeamCountry "GER"]

1. d4 Nf6 2. c4 e6 3. Nc3 Bb4 4. Qc2 O-O 5. Nf3 c5 6. dxc5 Na6 7. e3 Nxc5 8. Bd2 b6 9. a3 Bxc3 10. Bxc3 Bb7 ({RR} 10... Nce4 11. Bb4 Re8 12. Be2 a5 13. Bc3 Nxc3 14. Qxc3 Ba6 15. Qd4 Rc8 16. Rd1 Qc7 17. Ne5 Red8 18. Qd6 Ne8 19. Qxc7 Rxc7 20. b3 f6 21. Nd3 a4 22. Nb4 Bb7 23. O-O axb3 24. Rd3 b2 25. Rd2 {Salimova,N (2399)-Javakhishvili,L (2430) Grosslobming AUT 2025 0-1 (60)}) 11. Be2 d6 $146 ({RR} 11... d5 12. O-O dxc4 13. Bxc4 Rc8 14. Rfd1 Qe7 15. Qe2 {½-½ (15) Agdestein,E (2305)-Hansen,C (2505) Pohja 1985}) ({RR} 11... d5 12. Rd1 Qe7 13. O-O Rac8 14. b3 dxc4 15. Bxc4 b5 16. Bxb5 Nce4 17. Bc4 Nxc3 18. Qxc3 Bxf3 19. gxf3 Qxa3 20. Ra1 Qe7 21. Ra5 Nd5 22. Qe5 Nb6 23. Bd3 Rfd8 24. Be4 f6 25. Qa1 Rc7 26. f4 {Khismatullin,D (2664)-Smirnov,P (2592) Izhevsk 2012 1-0 (68)}) ({RR} 11... Nce4 12. O-O Rc8 13. Rac1 d5 14. Qb3 Ba6 15. Bb4 Re8 16. Rc2 Bxc4 17. Bxc4 dxc4 18. Rxc4 Qd5 19. Rfc1 b5 20. Rxc8 Qxb3 21. Rxe8+ Nxe8 22. Rc8 Qd1+ 23. Ne1 Qd7 {0-1 (23) Chen,K (1943)-Yang,K (1904) Phoenix 2015}) 12. b3 e5 13. O-O Rc8 14. Rfc1 Qe7 15. b4 Nce4 16. Be1 Rc7 17. Qb2 Qe6 18. a4 Ba6 19. b5 Bb7 20. a5 h6 21. Rd1 Rfc8 22. h3 Nd7 23. Nd2 Nec5 24. axb6 axb6 25. f3 e4 26. fxe4 Nxe4 27. Nxe4 Bxe4 28. Bg3 Qg6 29. Kh2 d5 30. Rac1 Nf6 31. Bf1 Rc5 32. cxd5 Nxd5 33. Rxc5 Rxc5 34. Qd4 Kh7 35. Rd2 h5 36. Rf2 f6 37. Be2 Nc3 38. Bf1 Nd5 39. Be2 f5 40. Be5 Nc3 41. Bf1 Nxb5 42. Qb2 Nc7 43. Bxc7 Rxc7 44. g3 h4 45. Qe5 Rc1 46. Qf4 hxg3+ 47. Qxg3 Qxg3+ 48. Kxg3 g5 49. Ba6 Rg1+ 50. Kh2 Rb1 51. Bf1 Rb3 52. Bg2 Kg6 53. Bxe4 fxe4 54. Kg2 b5 55. Rc2 Kh5 56. Kf2 Kh4 57. Rc5 Rb2+ 58. Ke1 b4 59. Kd1 b3 60. Rb5 Kxh3 61. Rxg5 Rg2 0-1

[Event "Linares 09th"]
[Site "Linares"]
[Date "1991.??.??"]
[Round "5"]
[White "Ivanchuk, Vassily"]
[Black "Karpov, Anatoly"]
[Result "1-0"]
[WhiteElo "2695"]
[BlackElo "2725"]
[Annotator "Ftacnik,Lubomir"]
[PlyCount "70"]
[EventDate "1991.02.??"]
[EventType "tourn"]
[EventRounds "13"]
[EventCountry "ESP"]
[EventCategory "17"]
[SourceTitle "CBM 022"]
[Source "ChessBase"]
[SourceDate "1991.06.01"]
[SourceVersion "1"]
[SourceVersionDate "1991.06.01"]
[SourceQuality "1"]

1. d4 {ChessBase II Anand} Nf6 2. c4 e6 3. Nc3 Bb4 4. e3 O-O 5. Bd3 d5 6. Nf3 c5 7. O-O cxd4 8. exd4 dxc4 9. Bxc4 b6 10. Bg5 ({RR} 10. Qe2) 10... Bb7 11. Rc1 ({RR} 11. Ne5) ({RR} 11. Qe2) 11... Nc6 12. a3 Be7 13. Qd3 Nd5 $6 (13... Rc8 14. Ba2 $1 Rc7 $5 15. Bb1 g6 16. Bh6 Re8 17. Rfe1 Rd7 18. Rcd1 $13) (13... h6 {Anand} 14. Bh4 Rc8) ({RR} 13... h6 14. Be3 Bd6 15. Ba6 Bxa6 16. Qxa6 Ne7 17. Rc2 Qc8 18. Qxc8 Raxc8 19. Rfc1 Bb8 20. h3 Rfd8 21. Kf1 Kf8 22. Ke2 Nfd5 23. Nxd5 Rxc2+ 24. Rxc2 Nxd5 25. Ne5 f6 26. Nc6 Rc8 27. Nb4 Rxc2+ 28. Nxc2 {Onischuk,A (2664)-Nakamura,H (2787) Saint Louis 2016 ½-½ (87)}) ({RR} 13... h6 14. Bf4 Bd6 15. Be5 Rc8 16. Rfd1 Na5 17. Ba2 Bxe5 18. Nxe5 Nd5 19. Bb1 f5 20. Qg3 Nc6 21. Ng6 Nxd4 22. Nxf8 Rxc3 23. Qe5 Rxc1 24. Rxc1 Qg5 25. f4 Nxf4 {0-1 (24) Rahman,S (2113)-Zia,T (2327) Colombo SRI 2025}) ({RR} 13... Rc8 14. Rfd1 Nd5 15. Bxd5 Bxg5 16. Nxg5 Qxg5 17. Be4 h6 18. Qe3 Rfd8 19. Qxg5 hxg5 20. d5 exd5 21. Rxd5 Rxd5 22. Bxd5 Na5 23. Ba2 Nc4 24. Nb5 Nd6 25. Rxc8+ Nxc8 26. f3 Kf8 27. Kf2 Bc6 28. Bc4 {Portisch,L-Karpov,A Milan 1975 ½-½ (34)}) 14. Bxd5 exd5 $146 (14... Bxg5 15. Nxg5 Qxg5 16. Be4 f5 17. Bxc6 Bxc6 18. f3 Rfd8 19. Ne2 $14) ({RR} 14... Bxg5 15. Nxg5 Qxg5 16. Be4 g6 17. Qb5 Qxb5 18. Nxb5 Na5 19. Bxb7 Nxb7 20. Rc7 Rfb8 21. Re1 a6 22. Nc3 Nd6 23. d5 Ne8 24. Rc6 exd5 25. Nxd5 b5 26. Nb6 Rxb6 27. Rxb6 Kf8 28. Rc1 Ra7 29. Rb8 {Alekhine,A-Baratz,A Paris 1933 EXT 2011 [ChessBase II] 1-0 (38)}) ({RR} 14... Bxg5 15. Nxg5 Qxg5 16. Be4 Rfd8 17. Bxh7+ Kf8 18. Qe3 Qf6 19. Be4 Qxd4 20. Nb5 Qd7 21. Qh3 a6 22. Nc3 Qd4 23. Rfd1 Qe5 24. Qe3 Qc7 25. Na4 Rxd1+ 26. Rxd1 Rd8 27. Rf1 Nd4 {½-½ (27) Jerez Perez,A (2300)-Estremera Panos,S (2430) St Cugat 1997}) 15. Bxe7 Nxe7 16. Rfe1 Rc8 17. h4 (17. Re3 Qd6 18. Rce1 $14) 17... h6 18. h5 Rc7 19. Nb5 $6 (19. Re3 Qc8 20. Rce1 Qf5 21. Qd2 $14) 19... Rxc1 20. Rxc1 Ba6 21. a4 Bxb5 22. Qxb5 Nf5 23. g3 Ne7 24. Ne5 Qd6 25. Qa6 Nf5 26. Qd3 Ne7 27. Qf3 a5 28. Kg2 (28. b3 $1 $16 {Anand}) 28... f6 $6 (28... g5 $1 $13) 29. Nd3 (29. Ng6 {Anand} Nxg6 30. hxg6 f5 $1) 29... Rc8 30. Re1 (30. Rxc8+ {Anand} Nxc8 31. Nf4 Ne7 $14) 30... Rc4 31. Nf4 (31. Qg4 $5 f5 $5 32. Qh4 Nc6 33. Re8+ Kf7 34. Rc8 Nxd4 (34... Qe6 35. Rxc6 $1 $18) 35. Rd8 Qe6 (35... Qe7 36. Rd7 $1 Qxd7 37. Ne5+) 36. Rd7+ Kg8 37. Qd8+ Kh7 38. Re7 $1 Rc8 $8 39. Rxe6 Rxd8 40. Rxb6 $16) 31... Rxd4 32. Ng6 Nxg6 33. hxg6 Kf8 $1 (33... Re4 $6 {Anand} 34. Rxe4 dxe4 35. Qxe4 Kf8 36. Qa8+ Ke7 37. Qb7+ $16) 34. Qf5 $1 Rc4 35. g4 Qf4 $138 {Ftacnik,L} (35... Qf4 36. Qxd5 Qxg4+ (36... Qc7 {Anand} 37. Qg8+ $3 $18) 37. Kf1 Qh3+ 38. Ke2 Qg4+ (38... Rc2+ 39. Kd1 $18) 39. Kd3 $18) (35... Qb4 36. Re3 Rxg4+ 37. Kf3 $40) (35... d4 36. Re6 Qd8 37. Qb5 $16) (35... Rc6 {Anand} 36. g5 d4 $5 $13) 1-0

[Event "Bugojno"]
[Site "Bugojno"]
[Date "1978.02.27"]
[Round "2"]
[White "Ivkov, Borislav"]
[Black "Karpov, Anatoly"]
[Result "1/2-1/2"]
[WhiteElo "2515"]
[BlackElo "2725"]
[Annotator "Bulletin"]
[PlyCount "105"]
[EventDate "1978.02.27"]
[EventType "tourn"]
[EventRounds "15"]
[EventCountry "YUG"]
[EventCategory "14"]
[SourceTitle "MCL"]
[Source "ChessBase"]
[SourceDate "1999.07.01"]
[SourceVersion "1"]
[SourceVersionDate "1999.07.01"]
[SourceQuality "1"]

1. d4 Nf6 2. c4 e6 3. Nc3 Bb4 4. Qc2 O-O 5. Nf3 c5 6. dxc5 Na6 7. e3 Nxc5 8. Bd2 b6 9. Be2 Bb7 (9... Ba6 $1 10. a3 Bxc3 11. Bxc3 Rc8 12. O-O d5 13. Rad1 Nce4 14. Bb4 Bxc4 $1 15. Bxf8 Ba6 16. Qxe4 Bxe2) 10. O-O Qe7 (10... Nce4 11. Nxe4 Bxe4 12. Bd3 Bxd3 13. Qxd3 Bxd2 14. Qxd2 Rc8 15. Rac1 d5 16. cxd5 Qxd5 17. Qxd5 Nxd5 $10 {Knecevic-Smejkal, Leningrad 1977}) 11. a3 Bxc3 12. Bxc3 Rac8 13. Rac1 Rfd8 14. b4 Nce4 15. Bd4 d6 $146 (15... d5 $5) ({RR} 15... d5 16. Qb2 dxc4 17. Rxc4 Rxc4 18. Bxc4 Nd6 19. Be2 Nf5 20. Bxf6 Qxf6 21. Qxf6 gxf6 22. Rc1 Bxf3 23. gxf3 Rd2 24. Kf1 Ra2 25. Rc3 Nh4 26. Ke1 Kg7 27. f4 Nf5 28. Bd3 Ne7 29. Be4 f5 30. Bf3 {Akobian,V (2603)-Goldin,A (2624) Philadelphia 2004 ½-½ (59)}) 16. Bd3 e5 $6 17. Bb2 Qe6 18. Qe2 Qg4 $6 (18... h6) 19. h3 Qe6 20. Rfd1 Rd7 21. Nh2 $14 Rdc7 $6 (21... h6) 22. f3 Ng3 23. Qe1 Nf5 24. Bxf5 Qxf5 25. Rxd6 Ne8 26. e4 Qg5 (26... Qh5 27. Rd2 Rxc4 28. Rxc4 Rxc4 29. Rd8 f6 (29... Rc8 30. Rxc8 Bxc8 31. Qc3) 30. Qd1 $14) 27. Qd2 Qxd2 28. Rxd2 f6 29. Rdc2 Ba6 30. c5 bxc5 31. Rxc5 Rxc5 32. bxc5 Rc6 33. Ng4 Nc7 34. a4 $16 Bc8 35. Ne3 $2 Ne6 36. Nf5 $6 Kf8 37. Rd1 g6 38. Nd6 Bd7 39. Ba3 Ra6 40. a5 Nd4 (40... Rxa5 $2 41. Nc4) 41. Bb4 Ke7 42. Nc4 Ba4 43. Ra1 {*} Bb5 44. Ne3 Ke6 45. Kf2 f5 46. exf5+ gxf5 47. Rd1 Rc6 48. f4 Ba4 49. Ra1 exf4 50. Nxf5 Kxf5 51. Rxa4 Ne6 52. g4+ fxg3+ 53. Kxg3 1/2-1/2

[Event "Dortmund"]
[Site "Dortmund"]
[Date "1994.??.??"]
[Round "5"]
[White "Jussupow, Artur"]
[Black "Karpov, Anatoly"]
[Result "1/2-1/2"]
[WhiteElo "2665"]
[BlackElo "2740"]
[Annotator "Jussupow,Artur"]
[PlyCount "90"]
[EventDate "1994.07.??"]
[EventType "tourn"]
[EventRounds "9"]
[EventCountry "GER"]
[EventCategory "16"]
[SourceTitle "CBM 042"]
[Source "ChessBase"]
[SourceDate "1994.10.01"]
[SourceVersion "1"]
[SourceVersionDate "1994.10.01"]
[SourceQuality "1"]

1. d4 Nf6 2. c4 e6 3. Nc3 Bb4 4. e3 c5 5. Bd3 Nc6 6. Nf3 Bxc3+ 7. bxc3 d6 8. e4 e5 9. h3 h6 10. Be3 b6 11. d5 Ne7 12. Nd2 ({RR} 12. g3 Bd7 13. Nd2 Qc8 14. f3 h5 15. h4 Nh7 16. Qe2 Kd8 17. O-O-O Kc7 18. Rdf1 Rb8 19. f4 Bg4 20. Qf2 f6 21. f5 Rg8 22. Kb2 g6 23. Ka1 gxf5 24. exf5 Nf8 25. Be4 Qa6 26. Rb1 Qa4 {Levin,E (2447)-Afanasiev,N (2511) Lipetsk RUS 2025 0-1 (59)}) 12... g5 $146 ({RR} 12... Nh7 13. h4 Nf6 14. Nf1 Bd7 15. Bd2 Qc8 16. Ne3 Kd8 17. h5 Kc7 18. f3 g6 19. g4 Qf8 20. Qc2 Qe8 21. Ke2 Ba4 22. Qb2 g5 23. Rhb1 Qd7 {½-½ (23) Jussupow,A (2660)-Timman,J (2635) Madrid 1995}) ({RR} 12... Ng6 13. g3 O-O 14. Qc2 Bd7 15. Nf1 Nh7 16. h4 Ne7 17. Nd2 f5 18. exf5 Bxf5 19. g4 Bxd3 20. Qxd3 Qd7 21. g5 h5 22. Ne4 a6 23. Rg1 Nf5 {½-½ (23) Jussupow,A (2600)-Alekseev,E (2639) Germany 2006}) 13. h4 gxh4 $146 (13... Ng4 14. Nf1 Ng6 (14... gxh4 15. Rxh4 $16) 15. hxg5 hxg5 16. Rxh8+ Nxh8 17. Be2 Nh6 $14 {Karpov}) ({RR} 13... g4 14. Nf1 Ng6 15. Qc1 Ng8 16. g3 h5 17. Bg5 f6 18. Bd2 Bd7 19. Ne3 N6e7 20. Qc2 Qc8 {½-½ (20) Curtis,R (2045)-Lokanata,Y Macau 1996}) 14. Rxh4 Ng6 15. Rh1 (15. Rxh6 Rxh6 16. Bxh6 Ng4 17. Be3 Nxe3 (17... Qh4 18. Qe2 (18. Nf1 $5) 18... Nf4 $44) 18. fxe3 Qg5 $5 19. Qe2 Bg4 $40 {h4,e7,h8}) 15... Ng4 16. Nf1 Nf4 17. g3 (17. Rg1 $6 Qf6 $40 (17... Qh4 $6 18. g3 Nxe3 19. Nxe3 Qh2 20. Rf1 Nxd3+ 21. Qxd3 Bh3 $13)) 17... Ng2+ 18. Ke2 N4xe3 (18... Qf6 19. f3 N4xe3 20. Nxe3 Nxe3 21. Kxe3 $13) 19. Nxe3 Nxe3 20. Kxe3 Qg5+ 21. Ke2 Ke7 22. Qg1 $5 Bd7 23. Qh2 Rab8 24. a4 (24. Qh4 Qxh4 25. Rxh4 b5 $15) 24... Rbg8 25. Qh4 (25. a5 bxa5 26. Rxa5 Rb8 $40) 25... Bg4+ 26. f3 Bd7 27. Kf2 f6 28. Ra2 (28. Qxg5 hxg5 29. Rxh8 Rxh8 30. a5 $2 bxa5 31. Rxa5 Ra8 $17 {a6,e7-b6}) 28... h5 29. a5 bxa5 30. Qxg5 fxg5 31. Rxa5 Ra8 (31... h4 32. gxh4 gxh4 (32... Rxh4 33. Rxh4 gxh4 34. Rxa7 h3 35. Bf1 $1 (35. Ra1 Rg2+ 36. Ke3 Kf6 $17) 35... h2 36. Bg2 $10) 33. Rxa7 h3 34. Rh2 $13) 32. Rha1 h4 33. Rxa7 Rxa7 (33... hxg3+ 34. Kxg3 Rh3+ 35. Kg2 Rah8 36. Bf1 $13) 34. Rxa7 Rb8 35. gxh4 gxh4 36. Bf1 Kd8 37. Ra2 Kc7 38. Kg2 $6 {f2,h2,h3} (38. Ra7+ $10) 38... Rb1 39. Ra7+ Kd8 40. Ra8+ Bc8 41. Kf2 Kc7 42. Ra7+ Bb7 43. Ra2 Bc8 (43... Kb6 44. Bd3 $1 $10 {Karpov}) (43... Rc1 44. Be2 Rxc3 45. Ra1 $10) 44. Ra7+ Bb7 45. Ra2 Bc8 1/2-1/2

[Event "Linares 11th"]
[Site "Linares"]
[Date "1993.??.??"]
[Round "11"]
[White "Jussupow, Artur"]
[Black "Karpov, Anatoly"]
[Result "0-1"]
[WhiteElo "2645"]
[BlackElo "2725"]
[PlyCount "80"]
[EventDate "1993.02.??"]
[EventType "tourn"]
[EventRounds "13"]
[EventCountry "ESP"]
[EventCategory "18"]
[SourceTitle "CBM 034"]
[Source "ChessBase"]
[SourceDate "1993.06.01"]
[SourceVersion "1"]
[SourceVersionDate "1993.06.01"]
[SourceQuality "1"]

1. d4 Nf6 2. c4 e6 3. Nc3 Bb4 4. e3 c5 5. Bd3 Nc6 6. a3 Bxc3+ 7. bxc3 O-O 8. Ne2 b6 9. e4 Ne8 10. O-O Ba6 11. f4 f5 12. Ng3 g6 13. Be3 cxd4 14. cxd4 d5 15. cxd5 Bxd3 16. Qxd3 fxe4 17. Qxe4 Qxd5 18. Qxd5 exd5 19. Rac1 Rc8 20. f5 Nd6 21. fxg6 hxg6 22. Rxf8+ Kxf8 23. h4 $146 ({RR} 23. Ne2 Nc4 24. Bf2 Nxa3 25. Nf4 Kf7 26. Nxd5 Nb5 27. Nf4 Nd6 28. d5 Ne5 29. Ra1 Nb5 30. Ne6 Nd3 31. Be3 Ke7 32. Rd1 Nb4 33. Nf4 Nc3 34. Ra1 Ncxd5 35. Rxa7+ Kf6 36. Bd4+ Kf5 37. Ne2 Ke4 {Jose Abril,R (2397)-Lopez Moll,J (2450) Badalona 2001 ½-½ (67)}) 23... Nc4 24. Bg5 Nxd4 25. h5 gxh5 26. Rf1+ Ke8 27. Nxh5 Nxa3 28. Ng7+ Kd7 29. Rf7+ Kc6 30. Rxa7 Nac2 31. Bf6 b5 32. g4 b4 33. Ra2 b3 34. Rb2 Kc5 35. Nf5 Rg8 36. Nxd4 Rxg4+ 37. Kf2 Nxd4 38. Bxd4+ Kxd4 39. Rxb3 Re4 40. Ra3 Re8 0-1

[Event "Candidates sf1"]
[Site "London"]
[Date "1989.??.??"]
[Round "6"]
[White "Jussupow, Artur"]
[Black "Karpov, Anatoly"]
[Result "0-1"]
[WhiteElo "2610"]
[BlackElo "2755"]
[Annotator "Jussupow,Artur"]
[PlyCount "121"]
[EventDate "1989.10.??"]
[EventType "match"]
[EventRounds "8"]
[EventCountry "ENG"]
[SourceTitle "Candidates"]
[Source "ChessBase"]
[SourceDate "1999.07.01"]
[SourceVersion "2"]
[SourceVersionDate "1999.07.01"]
[SourceQuality "1"]

1. d4 {Artur Yusupov} Nf6 2. c4 e6 3. Nc3 Bb4 4. e3 O-O 5. Bd3 c5 6. a3 Bxc3+ 7. bxc3 Nc6 8. Ne2 b6 9. e4 Ne8 10. O-O Ba6 11. f4 f5 12. Ng3 g6 13. Be3 Nd6 $1 14. exf5 Nxc4 $1 $10 {N;14...gf 15.e2; 14...ef 15.dc} 15. Bxc4 Bxc4 16. fxg6 {16.e1 gf 17.dc=} Bxf1 17. Qh5 $1 {f1} (17. gxh7+ Kh8 18. Qxf1 cxd4 19. cxd4 Qf6 20. Rd1 d5 $17) 17... Qe7 18. Rxf1 hxg6 $146 {18...cd!? 19.cd hg} ({RR} 18... cxd4 19. Bxd4 Nxd4 20. cxd4 Qg7 21. gxh7+ Qxh7 22. Qe5 Qg7 23. Qe4 Rac8 24. f5 Qg5 25. Rf4 exf5 26. Nxf5 Rc1+ 27. Kf2 Rc2+ 28. Kf1 Rxf5 29. Rxf5 Qc1+ {½-½ (29) Rodriguez,J (2365)-Ginzburg,M (2275) Buenos Aires 1993}) 19. Qxg6+ Qg7 20. Qd3 {20.g7!? g7 21.dc bc 22.c5 f7} (20. Qe4 cxd4 21. cxd4 Rae8 $15 {21...h7 22.f5}) 20... cxd4 21. cxd4 Qh7 $15 22. Qb5 {22.f5?! e7 ;22.e4? d5-+} a6 $1 23. Qb3 {23.b6? d3} Ne7 (23... Na5 $5 24. Qxb6 Qd3 25. Rf3 Nc4 26. Qc5 Nxe3 27. Qg5+ Kf7 28. f5 Qd1+ 29. Nf1 Qxf3 30. Qg6+ Ke7 31. Qh7+ Rf7 32. Qh4+ Kd6 33. gxf3 Rg8+ $17) 24. Rf3 Rac8 25. Qxb6 Rc6 {25...d5 26.d6} 26. Qa5 Nd5 $17 27. Nf1 Qf5 $6 {e3;27...b1!?} 28. Qe1 $1 Rb8 29. Qh4 Kf7 30. h3 Rc3 31. Kh2 $138 Rg8 $17 (31... Rbb3 32. Qd8 Nxe3 33. Qxd7+ $10) 32. Ng3 Qf6 33. Qh5+ Qg6 $138 34. Qe5 Qg7 35. Qd6 $6 {35.e4 f6 36.b7} Ke8 $1 (35... Rxe3 36. Rxe3 {36.d7? g6 37.f5 h6-+} Nxe3 37. Qxd7+ $10) 36. f5 Qe7 $2 (36... Rxe3 37. Rxe3 {37.f6 g3!!-+} Nxe3 38. Qb8+ Kf7 39. fxe6+ Kxe6 40. Qb3+ Nd5 $19) 37. Qb8+ Qd8 38. Qe5 Qc7 $2 {38...f6=} 39. Qxc7 $2 {39.f6!+-} Rxc7 40. fxe6 dxe6 {40...c3!?} 41. Ne4 Rc2 42. Bd2 a5 $1 {42...d7 43.g4} 43. Rb3 {43.g4 f8} Kd7 44. Rb5 {44.g4!?} Ra8 $2 (44... Ne3 $1 45. Nf6+ {45.e3? gg2 46.h1 h2 47.g1 e2-+} Kc6 46. Rc5+ Rxc5 47. Bxe3 Rc3 48. Nxg8 Rxe3 49. h4 Kd7 $17) 45. a4 $1 {45.a5? c6 46.a4 c4} Kc6 46. h4 Rc4 47. Rc5+ Rxc5 48. dxc5 $16 Nb4 $5 49. h5 {49.g4!?} Kd5 50. Nf6+ Ke5 51. Bc3+ Kf4 52. g4 {52.h3 d8} Rd8 53. h6 Kg5 54. h7 Kg6 55. Kg3 $14 Nc6 56. Kf4 Kg7 {57.e4} 57. g5 $10 Rd3 58. Be5 Rd1 59. g6 $4 {59.d6=} Rf1+ $19 60. Kg5 Nxe5 {60...f5-+} 61. Nh5+ {61...h8 62.h6 g4-+ Artur Yusupov} 0-1

[Event "Tilburg"]
[Site "Tilburg"]
[Date "1993.??.??"]
[Round "5"]
[White "Jussupow, Artur"]
[Black "Karpov, Anatoly"]
[Result "1/2-1/2"]
[WhiteElo "2630"]
[BlackElo "2760"]
[PlyCount "39"]
[EventDate "1993.11.??"]
[EventType "k.o."]
[EventRounds "7"]
[EventCountry "NED"]
[SourceTitle "CBM 039"]
[Source "ChessBase"]
[SourceDate "1994.04.01"]
[SourceVersion "1"]
[SourceVersionDate "1994.04.01"]
[SourceQuality "1"]

1. d4 Nf6 2. c4 e6 3. Nc3 Bb4 4. e3 O-O 5. Bd3 d5 6. Nf3 c5 ({RR} 6... dxc4 7. Bxc4 c5 {½-½ (14) Portisch,F (2313)-Szabo,Z (2447) Gyongyos 2002}) 7. O-O dxc4 8. Bxc4 b6 9. a3 cxd4 10. axb4 dxc3 11. Qxd8 Rxd8 12. bxc3 Bb7 13. Bb2 a6 ({RR} 13... Nc6 14. Rfd1 a6 15. Be2 Ne4 16. Ne1 Rxd1 17. Rxd1 Rd8 18. Rxd8+ Nxd8 19. c4 Nc6 20. Nc2 f6 21. f3 Nd6 22. Kf2 Kf7 23. e4 Bc8 24. Bc3 a5 25. c5 axb4 26. Nxb4 Nxb4 27. cxd6 Nc6 28. f4 {Lautier,J (2658)-Andersson,U (2640) France 2001 ½-½ (36)}) ({RR} 13... Nbd7 14. Be2 Nd5 15. b5 Nc5 16. c4 Nf6 17. Ra3 Nfe4 18. Rfa1 a5 19. bxa6 Rxa6 20. Rxa6 Bxa6 21. Be5 Rc8 22. Bd4 f6 23. Bxc5 Nxc5 24. Nd4 Kf7 25. h4 f5 {½-½ (25) Jepson,C (2416)-Tikkanen,H (2551) Sweden 2015}) 14. Be2 b5 $146 15. c4 Nc6 16. cxb5 axb5 17. Rxa8 Rxa8 18. Bxf6 gxf6 19. Rb1 Ra4 20. Bxb5 1/2-1/2

[Event "Linares 09th"]
[Site "Linares"]
[Date "1991.??.??"]
[Round "11"]
[White "Kamsky, Gata"]
[Black "Karpov, Anatoly"]
[Result "0-1"]
[WhiteElo "2640"]
[BlackElo "2725"]
[PlyCount "167"]
[EventDate "1991.02.??"]
[EventType "tourn"]
[EventRounds "13"]
[EventCountry "ESP"]
[EventCategory "17"]
[SourceTitle "CBM 022"]
[Source "ChessBase"]
[SourceDate "1991.06.01"]
[SourceVersion "1"]
[SourceVersionDate "1991.06.01"]
[SourceQuality "1"]

1. d4 Nf6 2. c4 e6 3. Nc3 Bb4 4. Nf3 c5 5. e3 Nc6 6. Bd3 Bxc3+ 7. bxc3 d6 8. e4 e5 9. d5 Ne7 10. h3 h6 ({RR} 10... Ng6 11. g3 Qa5 12. Bd2 h5 13. Nh4 Nxh4 14. gxh4 Bd7 15. Qf3 O-O-O 16. O-O Rdf8 17. Qg3 Be8 18. a4 Nd7 19. Kh2 Rhg8 {½-½ (19) Spassky,B (2630)-Hort,V (2600) Manila 1976}) 11. Be3 Qa5 12. Qb3 Qc7 13. Nd2 $146 ({RR} 13. Ng1 Bd7 14. Ne2 O-O-O 15. g3 Rde8 16. Qa3 Kb8 17. Qc1 Qc8 18. f3 Bxh3 19. Rh2 Bd7 20. Qd2 Ba4 21. Kf2 Bd7 22. Rah1 Rhf8 23. Ke1 h5 24. Ng1 Neg8 25. Nh3 g6 26. Nf2 Ba4 27. Qe2 Nd7 {Lyrberg,P (2400)-Engqvist,T (2405) Stockholm 1995 1-0 (49)}) ({RR} 13. a4 a5 14. Nd2 Bd7 15. Bc2 Ra6 16. Rb1 Ra7 17. Rb2 Kd8 18. Kd1 Kc8 19. Kc1 Kb8 20. Kb1 Nc8 21. Ka2 Ra6 22. Ka3 Rb6 23. Qa2 Rxb2 24. Qxb2 b6 25. Qb1 Ne7 26. Qd1 Bc8 27. g3 Ne8 {Almedina Ortiz,E (2234)-Mora Moron,J (2020) Medellin COL 2025 0-1 (40)}) 13... Nh5 14. g3 g5 15. O-O-O Ng6 16. Be2 Nf6 17. Rdf1 Qe7 18. Qb1 Kd8 19. Nf3 Kc7 20. h4 g4 21. Ne1 Nh5 22. Qc2 Qe8 23. Bd3 Bd7 24. Qd2 Qf8 25. Nc2 Qg7 26. Kb2 Raf8 27. Na3 a6 28. Ka1 b6 29. Rb1 Rb8 30. Rb3 Ne7 31. Rhb1 Qg6 32. Qb2 Nc8 33. Nc2 Ng7 34. Qa3 a5 35. Qc1 f5 36. exf5 Bxf5 37. Bxf5 Nxf5 38. Bd2 Rf8 39. Na3 Rb7 40. R3b2 Rf6 41. Qd1 Kd8 42. Qa4 Nfe7 43. Be3 Rf3 44. Nc2 Rf6 45. Ne1 Qe4 46. Rd1 Rc7 47. Qb5 Nf5 48. Bc1 Ke7 49. Qa4 Kf7 50. Nd3 Ng7 51. Ne1 Kg8 52. Be3 Rcf7 53. Qc6 Rf8 54. Qa4 Nf5 55. Bc1 R6f7 56. Nd3 Kg7 57. Ne1 Rf6 58. Qd7+ Nfe7 59. Nd3 Qxc4 60. Nxe5 dxe5 61. d6 R8f7 62. dxe7 Nxe7 63. Qd2 Re6 64. Qe1 e4 65. Rbd2 Nc6 66. Re2 Rf3 67. Rd7+ Kf8 68. Be3 Ke8 69. Rb7 Ne5 70. Rb2 Nd3 71. Qd2 Rff6 72. Rb1 Rd6 73. Qc2 a4 74. a3 Kd8 75. h5 Kc8 76. Ra7 b5 77. Rg7 b4 78. Rd1 b3 79. Qe2 Ne5 80. Qe1 Rxd1+ 81. Qxd1 Rd6 82. Rg8+ Kc7 83. Rg7+ Kc6 84. Qc1 0-1